| 000 | 01396nam a2200253Ii 4500 | ||
|---|---|---|---|
| 003 | JO-AjNU | ||
| 005 | 20240623125028.0 | ||
| 008 | 230605s9999||||xx |||||||||||||| ||und|| | ||
| 040 |
_aJO-AjNU _bara _erda _cJO-AjNU |
||
| 041 | _aara | ||
| 050 |
_aHB3722. _bF3668 2012 |
||
| 100 | 1 |
_aالفندي، محمد خالد مفلح _964776 _eمعد |
|
| 245 | 0 |
_a أثر الأزمة المالية العالمية الحالية على إداء البنوك الإسلامية والتقليدية الأردنية = The Effect of Current Global Financial Crisis on the Perfomance of Islamic and Conventional Jordanian Banks / _cإعداد محمد خالد مفلح الفندي ؛ إشراف علي المقابلة. |
|
| 260 | _c2012 | ||
| 300 | _a74 ورقة | ||
| 336 |
_atext _btxt _2rdacontent |
||
| 337 |
_aunmediated _bn _2rdamedia |
||
| 338 |
_avolume _bnc _2rdacarrier |
||
| 500 | _a رسالة جامعية (ماجستير).- جامعة اليرموك (إربد، الأردن)، كلية الإقتصاد والعلوم الإدارية ؛ قسم العلوم المالية والمصرفية، 2012 | ||
| 504 | _aتحتوي على مراجع باللغتين العربية والانجليزية | ||
| 650 | 4 | 0 |
_aالازمة المالية العالمية-البنوك-تمويل-الاردن. _964777 |
| 700 | 1 |
_aالمقابلة، علي _964778 _eمشرف |
|
| 942 |
_2lcc _cTHS |
||
| 999 |
_c33053 _d33053 |
||